00381 a2200133 4500003000500000005001700005040000900022082001100031245003000042440003000072538002200102999001900124952010400143Nust20170207154231.0 cNust a371.33 aWe Were Soldier (VHS-390) aWe Were Soldier (VHS-390) aDuration Mins 138 c195871d195871 00102ddc40708NFICaMCSbMCSd2016-12-12l0o371.33 WERpMCSVHS-390r2016-12-08w2016-12-12yBK